Taylor Swift - Paroles Opalite - Statistiques

Statistiques générales
  • Ce quiz a été pris 78 fois
    67 depuis la dernière actualisation
  • Le résultat moyen est 373 sur 414
Statistiques - réponses
Hint Réponse % Correct
a
100%
A
100%
Couplet 1 I
100%
(Ha,
100%
ha)
100%
had
100%
I
100%
before,
98%
before
98%
don't,
98%
don't"
98%
don't
98%
Refrain Don't
98%
in
98%
is
98%
it
98%
it,
98%
It's
98%
"It's
98%
it's
98%
Lord
98%
me,
98%
My
98%
my
98%
never
98%
Never
98%
no
98%
(No)
98%
now,
98%
Of
98%
of
98%
oh
98%
Oh,
98%
oh"
98%
oh,
98%
on
98%
opalite,
98%
sky
98%
the
98%
to
98%
(Uh,
98%
uh)
98%
"When
98%
when
98%
you
98%
You
98%
you,
98%
all
95%
And
95%
And,
95%
and
95%
bad
95%
Refrain But
95%
like
95%
night
95%
one
95%
out
95%
used
95%
alright
93%
call
93%
dancing
93%
"Eating
93%
habit
93%
love
93%
love?
93%
(Love
93%
love)
93%
love,
93%
(Love)
93%
so
93%
sunshine
93%
we
93%
We
93%
were
93%
again
90%
know,
90%
know"
90%
live
90%
make
90%
through
90%
told
90%
trash"
90%
with
90%
your
90%
brother
88%
ends
88%
ghosts
88%
onyx
88%
own
88%
was
88%
lightning
85%
mama
85%
missing
85%
past
85%
Said,
85%
Sleepless
85%
sleepless
85%
song,
85%
Bridge This
85%
thought
85%
friends
83%
haunted
83%
house
83%
just
83%
last
83%
Life
83%
life
83%
perfect
83%
strikes
83%
they'll
83%
gonna
80%
got
80%
got)
80%
lovers
80%
try
80%
You're
80%
you're
80%
couples
78%
see
78%
seen
78%
that's
78%
wrong
78%
couldn't
75%
for
75%
give
75%
(give
75%
Have
75%
real
75%
simple
75%
up
75%
up,
75%
move
73%
not
73%
'til
73%
understand
73%
baby,
70%
bring
70%
can
70%
her
70%
made
70%
mess
70%
what
70%
will
70%
messed
68%
phone
68%
She
68%
table
68%
Why
68%
alone
65%
pose
65%
temporary
65%
felt
63%
starving
63%
beat
60%
finally
60%
freedom
60%
left
60%
inside
58%
teacup
58%
storm
55%
sweat
55%
drum
53%
speed
50%
brings
48%
bump
48%
foes,
48%
Thunder
45%
here
43%
shelter
43%
failure
30%
Aucun quiz correspondant
Distribution des résultats
% des personnes avec chaque résultat
Percentile par nombre de réponses
Votre historique - résultats
Vous n’avez pas pris ce quiz depuis la dernière actualisation